00981nab a22002057a 4500999001500000003000400015005001700019008004100036040000700077100003800084245012900122260007300251300001300324500004400337505011800381505008900499650002800588773014600616942001300762 c5466d5466OSt20251113131638.0190604e xxu||||| |||| 00| 0 spa d cPJ 96469aMazzucco Cánepa, Martín10aRégimen de contrataciones de la Administración nacional. Comentario al decreto 1096/2024 /cMazzucco Cánepa, Martín. aCiudad Autónoma de Buenos Aires :bThomson Reuters La Ley, c2025. ap. 30-32 aCita Online: TR LALEY AR/DOC/775/2025.  tSumario: Sumario: I. Introducción.— II. El dec. 1086/2024.— III. Régimen vigente.— IV. Conclusión.  t¿Te interesa el texto completo? Solicitalo al correo: koha@justierradelfuego.gov.ar 09209aDERECHO EN GENERAL0 0271493171dCiudad Autónoma de Buenos Aires : Thomson Reuters La Ley, 2014-tRevista anales de legislación argentina. Nº 7 - Julio 2025. 2udccANA